<?xml version="1.0" encoding="UTF-8"?>
<record
    xmlns:xsi="http://www.w3.org/2001/XMLSchema-instance"
    xsi:schemaLocation="http://www.loc.gov/MARC21/slim http://www.loc.gov/standards/marcxml/schema/MARC21slim.xsd"
    xmlns="http://www.loc.gov/MARC21/slim">

  <leader>00716nam a22001937a 4500</leader>
  <controlfield tag="003">OSt</controlfield>
  <controlfield tag="005">20160920110201.0</controlfield>
  <controlfield tag="008">160919s2015    sp a||||||||| 001 0 spa|d</controlfield>
  <datafield tag="020" ind1=" " ind2=" ">
    <subfield code="a">9788499645667</subfield>
  </datafield>
  <datafield tag="040" ind1=" " ind2=" ">
    <subfield code="b">cat</subfield>
    <subfield code="c">CDMR</subfield>
  </datafield>
  <datafield tag="100" ind1="1" ind2=" ">
    <subfield code="a">Puig Valls, V&#xED;ctor</subfield>
  </datafield>
  <datafield tag="245" ind1="1" ind2="0">
    <subfield code="a">Social media </subfield>
    <subfield code="b">: 250 consejos pr&#xE1;cticos para dise&#xF1;ar tu estrategia en las redes sociales </subfield>
    <subfield code="c">V&#xED;ctor Puig Valls</subfield>
  </datafield>
  <datafield tag="246" ind1="3" ind2="2">
    <subfield code="a">250 consejos pr&#xE1;cticos para dise&#xF1;ar tu estrategia en las redes sociales</subfield>
  </datafield>
  <datafield tag="260" ind1=" " ind2=" ">
    <subfield code="a">Paracuellos de Jarama, Madrid :</subfield>
    <subfield code="b">Ra-Ma,</subfield>
    <subfield code="c">2015</subfield>
  </datafield>
  <datafield tag="300" ind1=" " ind2=" ">
    <subfield code="a">340 p. :</subfield>
    <subfield code="b">il. ;</subfield>
    <subfield code="c">24 cm</subfield>
  </datafield>
  <datafield tag="650" ind1=" " ind2="4">
    <subfield code="a">Mitjans socials</subfield>
    <subfield code="x">Direcci&#xF3; i administraci&#xF3;</subfield>
  </datafield>
  <datafield tag="650" ind1=" " ind2="4">
    <subfield code="a">Xarxes socials en l&#xED;nia</subfield>
    <subfield code="x">Direcci&#xF3; i administraci&#xF3;</subfield>
  </datafield>
  <datafield tag="942" ind1=" " ind2=" ">
    <subfield code="c">MON</subfield>
    <subfield code="2">udc</subfield>
  </datafield>
  <datafield tag="999" ind1=" " ind2=" ">
    <subfield code="c">6959</subfield>
    <subfield code="d">6959</subfield>
  </datafield>
  <datafield tag="952" ind1=" " ind2=" ">
    <subfield code="0">0</subfield>
    <subfield code="1">0</subfield>
    <subfield code="4">0</subfield>
    <subfield code="7">0</subfield>
    <subfield code="a">CDMR</subfield>
    <subfield code="b">CDMR</subfield>
    <subfield code="d">2016-09-19</subfield>
    <subfield code="e">Donaci&#xF3;</subfield>
    <subfield code="g">24.90</subfield>
    <subfield code="l">21</subfield>
    <subfield code="m">12</subfield>
    <subfield code="o">Cq /35</subfield>
    <subfield code="p">CDMR16090002</subfield>
    <subfield code="r">2024-03-04</subfield>
    <subfield code="s">2024-01-22</subfield>
    <subfield code="v">24.90</subfield>
    <subfield code="w">2016-09-19</subfield>
    <subfield code="y">MON</subfield>
  </datafield>
</record>
